<?xml version="1.0" encoding="UTF-8"?>
<marc:record xmlns:marc="http://www.loc.gov/MARC21/slim" type="Bibliographic">
   <marc:leader>00000nam a2200000 cb4500</marc:leader>
   <marc:controlfield tag="001">953695530</marc:controlfield>
   <marc:controlfield tag="003">DE-101</marc:controlfield>
   <marc:controlfield tag="005">20171203044505.0</marc:controlfield>
   <marc:controlfield tag="007">tu</marc:controlfield>
   <marc:controlfield tag="008">980513s1998    gw ||||| |||| 00||||ger  </marc:controlfield>
   <marc:datafield ind1=" " ind2=" " tag="015">
      <marc:subfield code="a">98,A25,1047</marc:subfield>
      <marc:subfield code="2">dnb</marc:subfield>
   </marc:datafield>
   <marc:datafield ind1="7" ind2=" " tag="016">
      <marc:subfield code="2">DE-101</marc:subfield>
      <marc:subfield code="a">953695530</marc:subfield>
   </marc:datafield>
   <marc:datafield ind1=" " ind2=" " tag="020">
      <marc:subfield code="a">9783883775784</marc:subfield>
      <marc:subfield code="c">kart. : DM 24.00, sfr 22.00, S 175.00</marc:subfield>
      <marc:subfield code="9">978-3-88377-578-4</marc:subfield>
   </marc:datafield>
   <marc:datafield ind1=" " ind2=" " tag="020">
      <marc:subfield code="a">3883775789</marc:subfield>
      <marc:subfield code="c">kart. : DM 24.00, sfr 22.00, S 175.00</marc:subfield>
      <marc:subfield code="9">3-88377-578-9</marc:subfield>
   </marc:datafield>
   <marc:datafield ind1=" " ind2=" " tag="035">
      <marc:subfield code="a">(DE-599)DNB953695530</marc:subfield>
   </marc:datafield>
   <marc:datafield ind1=" " ind2=" " tag="035">
      <marc:subfield code="a">(OCoLC)231716563</marc:subfield>
   </marc:datafield>
   <marc:datafield ind1=" " ind2=" " tag="040">
      <marc:subfield code="a">1240</marc:subfield>
      <marc:subfield code="b">ger</marc:subfield>
      <marc:subfield code="c">DE-101</marc:subfield>
      <marc:subfield code="d">9999</marc:subfield>
   </marc:datafield>
   <marc:datafield ind1=" " ind2=" " tag="041">
      <marc:subfield code="a">ger</marc:subfield>
   </marc:datafield>
   <marc:datafield ind1=" " ind2=" " tag="043">
      <marc:subfield code="c">XA-AT</marc:subfield>
   </marc:datafield>
   <marc:datafield ind1=" " ind2=" " tag="044">
      <marc:subfield code="c">XA-DE</marc:subfield>
   </marc:datafield>
   <marc:datafield ind1=" " ind2=" " tag="084">
      <marc:subfield code="a">48</marc:subfield>
      <marc:subfield code="a">780</marc:subfield>
      <marc:subfield code="q">DE-101</marc:subfield>
      <marc:subfield code="2">sdnb</marc:subfield>
   </marc:datafield>
   <marc:datafield ind1=" " ind2=" " tag="084">
      <marc:subfield code="a">14.4p</marc:subfield>
      <marc:subfield code="q">DE-101</marc:subfield>
      <marc:subfield code="2">sswd</marc:subfield>
   </marc:datafield>
   <marc:datafield ind1="1" ind2=" " tag="100">
      <marc:subfield code="0">(DE-588)11369721X</marc:subfield>
      <marc:subfield code="0">http://d-nb.info/gnd/11369721X</marc:subfield>
      <marc:subfield code="0">(DE-101)11369721X</marc:subfield>
      <marc:subfield code="a">Hüppe, Eberhard</marc:subfield>
      <marc:subfield code="e">Verfasser</marc:subfield>
      <marc:subfield code="4">aut</marc:subfield>
   </marc:datafield>
   <marc:datafield ind1="0" ind2="0" tag="245">
      <marc:subfield code="a">W. A. Mozart</marc:subfield>
      <marc:subfield code="b">Innovation und Praxis ; zum Quintett Es-Dur KV 452</marc:subfield>
      <marc:subfield code="c">Eberhard Hüppe</marc:subfield>
   </marc:datafield>
   <marc:datafield ind1=" " ind2="1" tag="264">
      <marc:subfield code="a">München</marc:subfield>
      <marc:subfield code="b">Ed. Text und Kritik</marc:subfield>
      <marc:subfield code="c">1998</marc:subfield>
   </marc:datafield>
   <marc:datafield ind1=" " ind2=" " tag="300">
      <marc:subfield code="a">126 S.</marc:subfield>
      <marc:subfield code="b">Noten</marc:subfield>
      <marc:subfield code="c">23 cm</marc:subfield>
   </marc:datafield>
   <marc:datafield ind1=" " ind2=" " tag="336">
      <marc:subfield code="a">Text</marc:subfield>
      <marc:subfield code="b">txt</marc:subfield>
      <marc:subfield code="2">rdacontent</marc:subfield>
   </marc:datafield>
   <marc:datafield ind1=" " ind2=" " tag="337">
      <marc:subfield code="a">ohne Hilfsmittel zu benutzen</marc:subfield>
      <marc:subfield code="b">n</marc:subfield>
      <marc:subfield code="2">rdamedia</marc:subfield>
   </marc:datafield>
   <marc:datafield ind1=" " ind2=" " tag="338">
      <marc:subfield code="a">Band</marc:subfield>
      <marc:subfield code="b">nc</marc:subfield>
      <marc:subfield code="2">rdacarrier</marc:subfield>
   </marc:datafield>
   <marc:datafield ind1="1" ind2=" " tag="490">
      <marc:subfield code="a">Musik-Konzepte</marc:subfield>
      <marc:subfield code="v">H. 99</marc:subfield>
   </marc:datafield>
   <marc:datafield ind1="1" ind2="7" tag="600">
      <marc:subfield code="0">(DE-588)300110316</marc:subfield>
      <marc:subfield code="0">http://d-nb.info/gnd/300110316</marc:subfield>
      <marc:subfield code="0">(DE-101)300110316</marc:subfield>
      <marc:subfield code="a">Mozart, Wolfgang Amadeus</marc:subfield>
      <marc:subfield code="d">1756-1791</marc:subfield>
      <marc:subfield code="t">Quintette</marc:subfield>
      <marc:subfield code="m">Oboe</marc:subfield>
      <marc:subfield code="m">Klarinette</marc:subfield>
      <marc:subfield code="m">Horn</marc:subfield>
      <marc:subfield code="m">Fagott</marc:subfield>
      <marc:subfield code="m">Klavier</marc:subfield>
      <marc:subfield code="n">KV 452</marc:subfield>
      <marc:subfield code="r">Es-Dur</marc:subfield>
      <marc:subfield code="2">gnd</marc:subfield>
   </marc:datafield>
   <marc:datafield ind1="0" ind2="0" tag="689">
      <marc:subfield code="0">(DE-588)300110316</marc:subfield>
      <marc:subfield code="0">http://d-nb.info/gnd/300110316</marc:subfield>
      <marc:subfield code="0">(DE-101)300110316</marc:subfield>
      <marc:subfield code="D">p</marc:subfield>
      <marc:subfield code="a">Mozart, Wolfgang Amadeus</marc:subfield>
      <marc:subfield code="d">1756-1791</marc:subfield>
      <marc:subfield code="t">Quintette</marc:subfield>
      <marc:subfield code="m">Oboe</marc:subfield>
      <marc:subfield code="m">Klarinette</marc:subfield>
      <marc:subfield code="m">Horn</marc:subfield>
      <marc:subfield code="m">Fagott</marc:subfield>
      <marc:subfield code="m">Klavier</marc:subfield>
      <marc:subfield code="n">KV 452</marc:subfield>
      <marc:subfield code="r">Es-Dur</marc:subfield>
   </marc:datafield>
   <marc:datafield ind1="0" ind2=" " tag="689">
      <marc:subfield code="5">DE-101</marc:subfield>
      <marc:subfield code="5">DE-101</marc:subfield>
   </marc:datafield>
   <marc:datafield ind1=" " ind2="0" tag="830">
      <marc:subfield code="a">Musik-Konzepte</marc:subfield>
      <marc:subfield code="v">H. 99</marc:subfield>
      <marc:subfield code="w">(DE-101)013068814</marc:subfield>
      <marc:subfield code="w">(DE-600)554935-8</marc:subfield>
      <marc:subfield code="9">299</marc:subfield>
      <marc:subfield code="7">as</marc:subfield>
   </marc:datafield>
   <marc:datafield ind1=" " ind2=" " tag="850">
      <marc:subfield code="a">DE-101a</marc:subfield>
      <marc:subfield code="a">DE-101b</marc:subfield>
      <marc:subfield code="a">DE-101c</marc:subfield>
   </marc:datafield>
   <marc:datafield ind1="4" ind2="2" tag="856">
      <marc:subfield code="m">V:DE-605</marc:subfield>
      <marc:subfield code="q">application/pdf</marc:subfield>
      <marc:subfield code="u">http://d-nb.info/953695530/04</marc:subfield>
      <marc:subfield code="3">Inhaltsverzeichnis</marc:subfield>
   </marc:datafield>
   <marc:datafield ind1="r" ind2=" " tag="925">
      <marc:subfield code="a">ra</marc:subfield>
   </marc:datafield>
</marc:record>
